000 00431nam a2200169 a 4500
001 0000-9280
003 ELIB.Books
008 110520 1973
035 _a(ELIB.Books)0000-9432
082 _a266
_bBry
100 _aBryant, David
245 _aWhat it Means to be a World Christian
260 _bMadison: Inter-Varsity Press
_c1973
650 _aMission
942 _2ddc
_cBK
998 _cbat
_e2011-05-20
999 _c9280
_d9280